000 00655nam a2200241Ia 4500
003 OSt
005 20220918194420.0
006 a|||||r|||| 00| 0
007 ta
008 220917b |||||||| |||| 00| 0 eng d
024 _a79,296
037 _cTextual
040 _aARTS
_cARTS
_beng
041 _2eng
_aeng
082 _aS:1, K7
100 _aWoodurne Lloyed S
_984784
245 0 _aNeural basis of behavior
260 _c1967
490 _aMerrill's international psychology series ed by Donald B Lindsley and arthur W melton
650 _aPSYCHOLOGY
942 _hS:1, K7
_cTEXL
_2CC
999 _c203022
_d203022